វិជ្ជាធ្វើម្ហូប បែបទំនើប / (Record no. 6107)

MARC details
000 -LEADER
fixed length control field 00864nam a22002297a 4500
001 - CONTROL NUMBER
control field 6107
003 - CONTROL NUMBER IDENTIFIER
control field FISKH
005 - DATE AND TIME OF LATEST TRANSACTION
control field 20250521143143.0
008 - FIXED-LENGTH DATA ELEMENTS--GENERAL INFORMATION
fixed length control field 250314b cb ||||| |||| 00| 0 eng d
040 ## - CATALOGING SOURCE
Original cataloging agency FISKH
Language of cataloging Khmer
Transcribing agency FISKH
Modifying agency FISKH
050 ## - LIBRARY OF CONGRESS CALL NUMBER
Classification number PZ7
100 ## - MAIN ENTRY--PERSONAL NAME
Personal name Savior, Long
245 ## - TITLE STATEMENT
Title វិជ្ជាធ្វើម្ហូប បែបទំនើប /
Statement of responsibility, etc. អ្នកគ្រូ ឡុង សាវីន័
260 ## - PUBLICATION, DISTRIBUTION, ETC.
Place of publication, distribution, etc. Phnom Penh :
Name of publisher, distributor, etc. Pai Net ;
300 ## - PHYSICAL DESCRIPTION
Extent 140 pages :
Other physical details illustrations ;
Dimensions 20 cm .
520 ## - SUMMARY, ETC.
Summary, etc. សៀវភៅនេះបង្ហាញពីរបៀបធ្វើម្ហូប​។​
520 ## - SUMMARY, ETC.
Summary, etc. This book shows how to cook.
650 ## - SUBJECT ADDED ENTRY--TOPICAL TERM
Topical term or geographic name entry element វិជ្ជាធ្វើម្ហូប បែបទំនើប
Form subdivision ចុងភៅ
650 ## - SUBJECT ADDED ENTRY--TOPICAL TERM
Topical term or geographic name entry element Modern cooking skills
Form subdivision cook
942 ## - ADDED ENTRY ELEMENTS (KOHA)
Source of classification or shelving scheme Dewey Decimal Classification
Koha item type Khmer Books
Suppress in OPAC No
Holdings
Withdrawn status Lost status Source of classification or shelving scheme Damaged status Not for loan Collection Home library Current library Shelving location Date acquired Total Checkouts Full call number Barcode Date last seen Copy number Price effective from Koha item type
    Dewey Decimal Classification     Khmer Language Books / សៀវភៅភាសាខ្មែរ Footprints International School Library Network Toul Tom Poung Campus Footprints International School Library Network Toul Tom Poung Campus TTP Secondary Khmer Bookshelves 03/14/2025   SAV PZ7 FISSE02066 03/14/2025 1 03/14/2025 Books
    Dewey Decimal Classification     Khmer Language Books / សៀវភៅភាសាខ្មែរ Footprints International School Library Network Toul Tom Poung Campus Footprints International School Library Network Toul Tom Poung Campus TTP Secondary Khmer Bookshelves 05/09/2025   SAV PZ7 FISSE02128 05/09/2025 2 05/09/2025 Books